Theoretical Approaches to Economic Mechanism in Czechoslovakia and Federal Republic of Germany Proceedings of the Conference hold in Praque May 15-18, 1989

Gespeichert in:
Bibliographische Detailangaben
Weitere Verfasser: Jonáš, Jiří
Format: Buch
Sprache:Englisch
Veröffentlicht: Praha Ekon. ústav ČSAV 1989
Ausgabe:1. ed.
Tags: Tag hinzufügen
Keine Tags, Fügen Sie das erste Tag hinzu!

MARC

LEADER 00000nam a2200000 4500
001 c033783
005 20221215114538.2
041 0 |a eng 
044 |a CZ 
245 1 0 |a Theoretical Approaches to Economic Mechanism in Czechoslovakia and Federal Republic of Germany  |b Proceedings of the Conference hold in Praque May 15-18, 1989  |c Edit. Jiří Jonáš 
250 |a 1. ed. 
264 1 |a Praha  |b Ekon. ústav ČSAV  |c 1989 
300 |a 418 s. 
700 1 |a Jonáš, Jiří